Five Letter Geography - L - Statistics

General Stats
  • This quiz has been taken 65 times
  • The average score is 7 of 10
Answer Stats
Hint Answer % Correct
Most populous city in Nigeria Lagos
97%
Major city in West Yorkshire, England Leeds
97%
African country whose flag used to be entirely green Libya
95%
Capital city of the autonomous region of Tibet Lhasa
78%
Largest island of the Philippines by area Luzon
78%
Narrow island in the upper Florida Keys Key {Largo}
62%
Narrow horizontal surface projecting from a cliff Ledge
59%
Embankment built to prevent the overflow of a river Levee
55%
Region of Italy that Rome is located in Lazio
47%
One of the major islands of Hawaii Lānaʻi
34%
No matching quizzes found
Score Distribution
Percent of People with Each Score
Percentile by Number Answered
Your Score History
You have not taken this quiz